Graphics Poster Annual 2005 (Record no. 239438)

MARC details
000 -LEADER
fixed length control field 00314pam a2200133 a 4500
020 ## - INTERNATIONAL STANDARD BOOK NUMBER
Terms of availability
041 ## - LANGUAGE CODE
Language code of original
082 ## - DEWEY DECIMAL CLASSIFICATION NUMBER
Classification number 741.674
Item number PED
100 ## - MAIN ENTRY--PERSONAL NAME
Personal name Martin Pedersen.
245 ## - TITLE STATEMENT
Title Graphics Poster Annual 2005
Medium Textual Documents
260 ## - PUBLICATION, DISTRIBUTION, ETC.
Place of publication, distribution, etc. New York:
Name of publisher, distributor, etc. Geraphic In New York.
300 ## - PHYSICAL DESCRIPTION
Extent 237:
Other physical details Hard.
930 ## - EQUIVALENCE OR CROSS-REFERENCE-UNIFORM TITLE HEADING [LOCAL, CANADA]
Uniform title 5648
Holdings
Withdrawn status Lost status Damaged status Not for loan Collection Home library Current library Date acquired Source of acquisition Cost, normal purchase price Total Checkouts Full call number Barcode Date last seen Copy number Price effective from Koha item type
          College of Fine Arts, Pune College of Fine Arts, Pune 13/11/2011 Bhararti Sahakari Grahak Bhandar 1600.00   741.674 PED FAP-5942 07/03/2023 1 07/03/2023 Book